Measuring effectiveness in humanitarian and development Aid: conceptual frameworks, principles and practice (Record no. 413873)

000 -LEADER
fixed length control field 00653cam a22001697a 4500
008 - FIXED-LENGTH DATA ELEMENTS--GENERAL INFORMATION
fixed length control field 180718b2007 xxu||||| |||| 00| 0 eng d
020 ## - INTERNATIONAL STANDARD BOOK NUMBER
International Standard Book Number 9781600219597
082 ## - DEWEY DECIMAL CLASSIFICATION NUMBER
Classification number T000 R298
245 ## - TITLE STATEMENT
Title Measuring effectiveness in humanitarian and development Aid: conceptual frameworks, principles and practice
Statement of responsibility, etc. edited by Andre M. N. Renzaho
260 ## - PUBLICATION, DISTRIBUTION, ETC.
Place of publication, distribution, etc. New York
Name of publisher, distributor, etc. Nova Science
Date of publication, distribution, etc. 2007
300 ## - PHYSICAL DESCRIPTION
Extent 359p.
650 ## - SUBJECT ADDED ENTRY--TOPICAL TERM
Topical term or geographic name entry element Medical assistance --International cooperation --Evaluation.
650 ## - SUBJECT ADDED ENTRY--TOPICAL TERM
Topical term or geographic name entry element International relief --Evaluation
650 ## - SUBJECT ADDED ENTRY--TOPICAL TERM
Topical term or geographic name entry element Economic assistance --Evaluation
650 ## - SUBJECT ADDED ENTRY--TOPICAL TERM
Topical term or geographic name entry element Humanitarian assistance --Evaluation
700 ## - ADDED ENTRY--PERSONAL NAME
Personal name Renzaho, Andre M. N.
Holdings
Withdrawn status Lost status Damaged status Not for loan Permanent Location Current Location Date acquired Full call number Barcode Date last seen Price effective from Koha item type
        Indian Institute of Public Administration Indian Institute of Public Administration 2009-03-17 T000 R298 83048 2018-07-21 2018-07-21 Book

Powered by Koha